| 000 | 00479nam a2200193Ia 4500 | ||
|---|---|---|---|
| 008 | 170918s9999 xx 000 0 und d | ||
| 020 | _a9780439442141 | ||
| 050 | _bK655 2000 | ||
| 100 | _aKline, Suzy | ||
| 245 | _aHorrible Harry at halloween / | ||
| 245 | _cby Suzy Kline ; pictures by Frank Remkiewecz. | ||
| 260 | _aNew York : | ||
| 260 | _bScholastic, | ||
| 260 | _c2000 | ||
| 300 | _a53 pages : | ||
| 300 | _billustrations ; | ||
| 300 | _c19cm. | ||
| 500 | _a370 | ||
| 999 |
_c343274 _d343274 |
||